Sleep Token Charting Songs (Billboard Hot 100) - Statistics

General Stats
  • This quiz has been taken 29 times
    19 since last reset
  • The average score is 9 of 10
Answer Stats
Album Weeks On Peak Artist(s) Song % Correct
Even in Arcadia 5 Weeks #34 Sleep Token Caramel
100%
Even in Arcadia 3 Weeks #47 Sleep Token Damocles
100%
Even in Arcadia 4 Weeks #57 Sleep Token Emergence
94%
Even in Arcadia 1 Week #61 Sleep Token Even in Arcadia
94%
Even in Arcadia 1 Week #75 Sleep Token Gethsemane
88%
Even in Arcadia 1 Week #100 Sleep Token Infinite Baths
88%
Even in Arcadia 1 Week #66 Sleep Token Look to Windward
88%
Even in Arcadia 1 Week #56 Sleep Token Dangerous
75%
Even in Arcadia 1 Week #70 Sleep Token Past Self
63%
Even in Arcadia 1 Week #77 Sleep Token Provider
63%
No matching quizzes found
Score Distribution
Percent of People with Each Score
Percentile by Number Answered
Your Score History
You have not taken this quiz since the last reset